000 00994nam a22002417a 4500
005 20240530110557.0
008 160316s2013 ua a g b 000 0 ara d
017 _a2013/1536
_bمصر . دار الكتب المصرية
020 _a9789777220033
040 _aEG-CaGPL
082 0 4 _221
_a658.409\
_bأ ط
100 0 _aاحمد جابر حسنين على
245 1 2 _aالطابور الخامس :
_bاسلوب القيادة الادارية بالتجسس و اسس القضاء علية /
_cتاليف احمد جابر حسنين على
250 _aط1
260 _aالقاهرة :
_bالمجموعة العربية للتدريب و النشر ،
_c2013 .
300 _a215 ص :
_bايض ؛
_c24 سم .
504 _aيشتمل على ارجاعات ببليوجرافية
650 0 4 _aالتجسس الادارى
650 0 4 _aالادارة
_xتقييم
650 0 4 _aالادارة
_xتحليل
942 _2ddc
_cBK
999 _c62588
_d62588